Capitalism : an ethnographic approach

Αποθηκεύτηκε σε:
Λεπτομέρειες βιβλιογραφικής εγγραφής
Κύριος συγγραφέας: Miller, Daniel, 1954-
Μορφή: Βιβλίο
Γλώσσα:English
Δημοσίευση: Oxford : Berg, c1997
Σειρά:Explorarions in anthropology
Θέματα:
Ετικέτες: Προσθήκη ετικέτας
Δεν υπάρχουν, Καταχωρήστε ετικέτα πρώτοι!

MARC

LEADER 00000cam a2200000 i 4500
001 1/64836
008 990107s1997 eng d
020 |a 1-85973-128-7 
035 |l 10047032 
040 |a GR-MY-UA  |b gre  |e aacr 
041 0 |a eng 
082 0 |a 381.45663620972983 
100 1 |a Miller, Daniel,   |d 1954- 
245 1 0 |a Capitalism :  |b an ethnographic approach /  |c Daniel Miller 
260 |a Oxford :   |b Berg,   |c c1997 
300 |a 357 p. 
490 1 |a Explorations in anthropology 
504 |a Includes bibliographical references and index 
650 0 0 |a Consumer behavior  |z Trinidad and Tobago. 
650 0 0 |a Soft drink industry  |z Trinidad and Tobago  |x Marketing. 
650 0 0 |a Consumers  |z Trinidad and Tobago. 
650 0 0 |a Advertising  |z Trinidad and Tobago. 
650 0 0 |a Capitalism  |z Trinidad and Tobago. 
650 0 0 |a Ethnology  |z Trinidad and Tobago. 
830 0 |a Explorarions in anthropology 
852 |a INST  |b LESVOS  |e 19990909  |h 381.45663620972983 MIL  |p 005100015832  |q 005100015832  |t BK  |y 0 
852 |a INST  |b LESVOS  |e 19990107  |h 381.45663620972983 MIL  |p 005100017176  |q 005100017176  |t BK  |y 0 
901 |a BIBL-1999-1 
909 |a Λ  |b 061024 
909 |a Λ  |b 067030 
922 |a 1ΕΛΗ  |b 199811  |c ΚΠΣ/ΤΚΑ  |d ΠΑΠΑΣΩΤΗΡΙΟΥ 
950 |a 117-1998-07-12 
970 |z 1999/09/09  |a ΚΑΜΑΤΣΟΥ  |b ΔΕΣΠΟΙΝΑ